[Event "BCF-chT 2122 (4NCL)"]
[Site "England"]
[Date "2021.11.28"]
[Round "2.58"]
[White "Graham, Cassie M"]
[Black "Foster, Chantelle"]
[Result "1-0"]
[WhiteElo "1978"]
[BlackElo "1808"]
[PlyCount "61"]
[EventDate "2021.11.27"]
[EventType "team-swiss"]
[EventRounds "11"]
[EventCountry "ENG"]
[SourceTitle "EXT 2023"]
[Source "ChessBase"]
[SourceDate "2022.10.05"]
[SourceVersion "1"]
[SourceVersionDate "2022.10.05"]
[SourceQuality "1"]
[WhiteTeam "Sussex Martlets"]
[BlackTeam "Cheddleton"]
[WhiteTeamCountry "ENG"]
[BlackTeamCountry "ENG"]

1. e4 c5 2. Nc3 Nc6 3. f4 g6 4. Nf3 Bg7 5. Bb5 Nd4 6. 0-0 e6 7. d3 Ne7 8. Nxd4 cxd4 9. Ne2 0-0 10. Qe1 a6 11. Ba4 b5 12. Bb3 Nc6 13. Bd2 d6 14. a4 Bb7 15. axb5 axb5 16. Rxa8 Bxa8 17. f5 exf5 18. exf5 Ne5 19. Qg3 Nc6 20. fxg6 hxg6 21. Qxg6 d5 22. Qg3 f6 23. Nf4 Ne5 24. Ne6 Qe7 25. Nxf8 Kxf8 26. Bf4 Ke8 27. Bxe5 fxe5 28. Qg6+ Kd8 29. Rf7 Qb4 30. Qb6+ Ke8 31. Qe6+ 1-0

[Event "BCF-chT1c 1415 (4NCL) Promotion pool"]
[Site "England"]
[Date "2015.05.03"]
[Round "10.148"]
[White "Foster, Chantelle"]
[Black "Ciuksyte, Dagne"]
[Result "0-1"]
[WhiteElo "1907"]
[BlackElo "2342"]
[PlyCount "68"]
[EventDate "2014.11.15"]
[EventType "team-tourn"]
[EventRounds "4"]
[EventCountry "ENG"]
[SourceTitle "EXT 2023"]
[Source "ChessBase"]
[SourceDate "2022.10.05"]
[SourceVersion "1"]
[SourceVersionDate "2022.10.05"]
[SourceQuality "1"]
[WhiteTeam "Oxford"]
[BlackTeam "Guildford II"]
[WhiteTeamCountry "ENG"]
[BlackTeamCountry "ENG"]

1. e4 c5 2. Nf3 e6 3. d4 cxd4 4. Nxd4 a6 5. Nc3 b5 6. Bd3 Qb6 7. Nb3 Qc7 8. Be3 Nf6 9. 0-0 Bb7 10. a3 Be7 11. Qe2 0-0 12. f4 d6 13. g4 g6 14. Bf2 Nbd7 15. g5 Nh5 16. Qe3 e5 17. fxe5 dxe5 18. Bg3 Nc5 19. Kh1 Ne6 20. Nd5 Bxd5 21. exd5 Nxg3+ 22. Qxg3 Nf4 23. Be4 Rad8 24. Rad1 Rd7 25. Rd2 Qd8 26. Rg1 h6 27. gxh6 Kh7 28. Nc1 f5 29. Bg2 Kxh6 30. Ne2 Bh4 31. Qe3 Bg5 32. Nxf4 Bxf4 33. Qh3+ Kg7 34. Rdd1 Rh8 0-1

[Event "BCF-chT3 1415 (4NCL)"]
[Site "England"]
[Date "2015.03.21"]
[Round "7.119"]
[White "Foster, Chantelle"]
[Black "Taylor, Dale C"]
[Result "0-1"]
[WhiteElo "1814"]
[BlackElo "1974"]
[PlyCount "94"]
[EventDate "2015.03.21"]
[EventType "team-swiss"]
[EventRounds "11"]
[EventCountry "ENG"]
[SourceTitle "EXT 2016"]
[Source "ChessBase"]
[SourceDate "2015.10.08"]
[SourceVersion "1"]
[SourceVersionDate "2015.10.08"]
[SourceQuality "1"]
[WhiteTeam "Oxford II"]
[BlackTeam "e2e4.org.uk III"]
[WhiteTeamCountry "ENG"]
[BlackTeamCountry "ENG"]

1. e4 c5 2. Nf3 Nc6 3. d4 cxd4 4. Nxd4 e5 5. Nb5 d6 6. N1c3 a6 7. Na3 b5 8. Nd5 Nge7 9. Nxe7 Bxe7 10. c3 Be6 11. Nc2 d5 12. exd5 Qxd5 13. Qxd5 Bxd5 14. Ne3 Be6 15. Bd3 g6 16. Be4 Rc8 17. Nd5 Bd8 18. Ne3 f5 19. Bd5 Kf7 20. 0-0 f4 21. Bxe6+ Kxe6 22. Nc2 Be7 23. Re1 Kf5 24. b3 Rhd8 25. Ba3 Bxa3 26. Nxa3 Rd2 27. Rec1 Rcd8 28. Kf1 Rb2 29. Rc2 Rd2 30. Rxd2 Rxd2 31. Ke1 Rb2 32. Nb1 e4 33. Nd2 Ne5 34. Ke2 f3+ 35. gxf3 exf3+ 36. Kd1 Kf4 37. a4 Nd3 38. axb5 Nxf2+ 39. Kc1 Nd3+ 40. Kd1 axb5 41. c4 Ke3 42. Nf1+ Kf2 43. Nd2 bxc4 44. bxc4 Ke3 45. Nf1+ Kd4 46. Nd2 f2 47. h3 g5 0-1

[Event "Wch U18 Girls"]
[Site "Durban"]
[Date "2014.09.21"]
[Round "3"]
[White "Foster, Chantelle"]
[Black "Regam, Jessica"]
[Result "0-1"]
[WhiteElo "1840"]
[BlackElo "2031"]
[PlyCount "82"]
[EventDate "2014.09.20"]
[EventType "swiss"]
[EventRounds "11"]
[EventCountry "RSA"]
[SourceTitle "CBM 162 Extra"]
[Source "ChessBase"]
[SourceDate "2014.10.17"]
[SourceVersion "1"]
[SourceVersionDate "2014.10.17"]
[SourceQuality "1"]

1. e4 e6 2. d4 d5 3. Nd2 a6 4. Ngf3 Nf6 5. e5 Nfd7 6. Bd3 c5 7. c3 Nc6 8. 0-0 g5 9. h3 h5 10. Nh2 cxd4 11. c4 Ncxe5 12. Be2 g4 13. hxg4 hxg4 14. Bxg4 dxc4 15. Ndf3 Nxf3+ 16. Nxf3 Nf6 17. Bh3 d3 18. Bf4 Bd6 19. Be5 Bxe5 20. Nxe5 Qd5 21. Re1 b5 22. Ng4 Nxg4 23. Bxg4 Bb7 24. Bf3 Qxf3 25. Qxf3 Bxf3 26. Re3 Bd5 27. f3 0-0-0 28. Kf2 Rdg8 29. Rg1 Rh2 30. Ree1 b4 31. Rd1 Kb7 32. Rd2 Kb6 33. Ke3 Kc5 34. Rf2 e5 35. Rd2 f5 36. Rf2 f4+ 37. Kd2 Kd4 38. a3 c3+ 39. bxc3+ bxc3+ 40. Ke1 Bb3 41. a4 Ke3 0-1

[Event "BCF-ch Week2 PM op"]
[Site "Aberystwyth"]
[Date "2014.08.01"]
[Round "5"]
[White "Jayawarna, Nugith"]
[Black "Foster, Chantelle"]
[Result "1/2-1/2"]
[WhiteElo "1646"]
[BlackElo "1875"]
[PlyCount "82"]
[EventDate "2014.07.28"]
[EventType "swiss"]
[EventRounds "5"]
[EventCountry "WLS"]
[SourceTitle "EXT 2017"]
[Source "ChessBase"]
[SourceDate "2016.10.25"]
[SourceVersion "1"]
[SourceVersionDate "2016.10.25"]
[SourceQuality "1"]

1. c4 e5 2. g3 Nf6 3. Bg2 d5 4. cxd5 Nxd5 5. Nc3 Nb6 6. Nf3 Nc6 7. 0-0 Be6 8. Rb1 Be7 9. a3 Bf6 10. d3 0-0 11. Ne4 Rb8 12. b4 Nd5 13. Bb2 a6 14. Qd2 Re8 15. Nxf6+ Qxf6 16. Nxe5 Nxe5 17. f4 Qd8 18. Bxe5 f6 19. Ba1 Nb6 20. Rfe1 Bf7 21. Qc3 c6 22. Qd4 Qc7 23. Qf2 Nc8 24. e4 Qd7 25. d4 Ne7 26. Rbd1 Rbd8 27. Bf1 Kf8 28. Bd3 f5 29. e5 Be6 30. Bb1 Nd5 31. Qc2 g6 32. Kf2 Kf7 33. Rg1 Rc8 34. Qe2 Rcd8 35. h3 Rh8 36. Qf3 Rhe8 37. Rge1 Re7 38. Kg1 Ree8 39. Kh2 Re7 40. Rg1 Ree8 41. g4 Ne7 1/2-1/2

[Event "BCF-ch Week2 AM op"]
[Site "Aberystwyth"]
[Date "2014.07.29"]
[Round "2"]
[White "Foster, Chantelle"]
[Black "Golding, Alex"]
[Result "1-0"]
[WhiteElo "1875"]
[BlackElo "1761"]
[PlyCount "149"]
[EventDate "2014.07.28"]
[EventType "swiss"]
[EventRounds "5"]
[EventCountry "WLS"]
[SourceTitle "EXT 2017"]
[Source "ChessBase"]
[SourceDate "2016.10.25"]
[SourceVersion "1"]
[SourceVersionDate "2016.10.25"]
[SourceQuality "1"]

1. e4 c5 2. Nf3 d6 3. d4 cxd4 4. Nxd4 Nf6 5. Nc3 a6 6. Be3 e6 7. f3 Be7 8. Qd2 h5 9. 0-0-0 Nc6 10. Rg1 Qc7 11. h3 h4 12. g3 hxg3 13. Rxg3 Kf8 14. Bg5 Ne5 15. f4 Nc4 16. Bxc4 Qxc4 17. e5 Ne8 18. Bxe7+ Kxe7 19. exd6+ Kf8 20. Nf3 f6 21. Qe3 Bd7 22. Nd2 Qc6 23. Nde4 Rc8 24. Qd3 b5 25. Ne2 Rh5 26. Nd4 Qb7 27. Qf3 Rh6 28. Nxf6 Bc6 29. Nxc6 Nxf6 30. Ne5 Qxf3 31. Rxf3 Rh5 32. d7 Rd8 33. Rc3 Rxe5 34. fxe5 Nxd7 35. Rcd3 Ke7 36. Rd6 a5 37. b3 b4 38. Kb2 g6 39. c3 bxc3+ 40. Kxc3 Rc8+ 41. Kd4 g5 42. Ra6 Rc5 43. Rd6 Rc2 44. a3 Nxe5 45. Ra6 Nc6+ 46. Kd3 Rc5 47. Re1 Ne5+ 48. Kd4 Rd5+ 49. Ke4 Nd7 50. Kf3 Rf5+ 51. Kg4 Ne5+ 52. Kg3 Kf6 53. Rxa5 Nd3 54. Rxf5+ exf5 55. Rd1 f4+ 56. Kf3 Nc5 57. b4 Na4 58. b5 Nc3 59. Rd6+ Ke5 60. Rg6 Kf5 61. Rc6 Ne4 62. b6 Nd2+ 63. Ke2 Nb3 64. Rc4 f3+ 65. Kxf3 Nd2+ 66. Ke2 Nxc4 67. b7 Nxa3 68. b8Q Nc4 69. Qc8+ Kg6 70. Qxc4 g4 71. Qxg4+ Kh7 72. Qe6 Kg7 73. Kf3 Kf8 74. Qd7 Kg8 75. Kg4 1-0

[Event "BCF-chT1d 1314 (4NCL) Demotion pool"]
[Site "England"]
[Date "2014.05.05"]
[Round "11.168"]
[White "Hill, Alistair"]
[Black "Foster, Chantelle"]
[Result "1/2-1/2"]
[WhiteElo "2077"]
[BlackElo "1879"]
[PlyCount "89"]
[EventDate "2013.11.16"]
[EventType "team-tourn"]
[EventRounds "4"]
[EventCountry "ENG"]
[SourceTitle "EXT 2015"]
[Source "ChessBase"]
[SourceDate "2014.11.20"]
[SourceVersion "1"]
[SourceVersionDate "2014.11.20"]
[SourceQuality "1"]
[WhiteTeam "Cambridge"]
[BlackTeam "Oxford"]
[WhiteTeamCountry "ENG"]
[BlackTeamCountry "ENG"]

1. e4 c5 2. Nf3 e6 3. d4 cxd4 4. Nxd4 Nc6 5. Nc3 Qc7 6. g3 a6 7. Bg2 b5 8. 0-0 Bb7 9. a4 b4 10. Nce2 Nf6 11. c3 Nxd4 12. Qxd4 Bc5 13. Bf4 Qb6 14. Qd3 bxc3 15. Nxc3 0-0 16. a5 Qa7 17. Na4 Bd4 18. Bc7 Bc6 19. Bb6 Bxb6 20. Nxb6 Bb5 21. Qd6 Bxf1 22. Rxf1 Rad8 23. Rd1 Rfe8 24. f3 e5 25. Bh3 Qb8 26. b4 Qa7 27. Kh1 Qb8 28. Qxb8 Rxb8 29. Bf1 Re6 30. Ra1 g6 31. Ra4 Kg7 32. Bxa6 d5 33. Bd3 dxe4 34. fxe4 Rexb6 35. axb6 Rxb6 36. b5 Nd7 37. Ra6 Rb7 38. Rc6 h6 39. Kg2 Nb8 40. Rd6 Nd7 41. Kf3 Nc5 42. Bc4 Ne6 43. Bxe6 fxe6 44. Rxe6 Rxb5 45. h4 1/2-1/2

[Event "BCF-chT1a 1314 (4NCL)"]
[Site "England"]
[Date "2014.03.22"]
[Round "7.117"]
[White "Foster, Chantelle"]
[Black "Suarez Real, Alberto"]
[Result "0-1"]
[WhiteElo "1879"]
[BlackElo "2397"]
[PlyCount "74"]
[EventDate "2013.11.16"]
[EventType "team-tourn"]
[EventRounds "7"]
[EventCountry "ENG"]
[SourceTitle "EXT 2015"]
[Source "ChessBase"]
[SourceDate "2014.11.20"]
[SourceVersion "1"]
[SourceVersionDate "2014.11.20"]
[SourceQuality "1"]
[WhiteTeam "Oxford"]
[BlackTeam "Guildford"]
[WhiteTeamCountry "ENG"]
[BlackTeamCountry "ENG"]

1. e4 c5 2. Nf3 g6 3. d4 Bg7 4. Nc3 cxd4 5. Nxd4 Nc6 6. Be3 Nf6 7. Bc4 0-0 8. Bb3 d6 9. f3 Bd7 10. Qd2 Rc8 11. 0-0-0 Ne5 12. Kb1 Nc4 13. Bxc4 Rxc4 14. g4 b5 15. h4 b4 16. Nd5 Nxd5 17. exd5 Qa8 18. Ne2 Rfc8 19. Rc1 h5 20. b3 R4c7 21. Rhg1 hxg4 22. fxg4 a5 23. Nf4 a4 24. Qxb4 Rb7 25. Bb6 Qb8 26. Nd3 Rxb6 27. Qd2 Qa8 28. Nb2 axb3 29. cxb3 Rxc1+ 30. Qxc1 Qxd5 31. Qc2 Rc6 32. Qe2 Bxb2 33. Qxb2 Bxg4 34. Ka1 Bf5 35. Qf2 Rc2 36. Qe3 Qa5 37. a4 Qb4 0-1

[Event "Wch U18 Girls"]
[Site "Al Ain"]
[Date "2013.12.23"]
[Round "11"]
[White "Nouman, Amna"]
[Black "Foster, Chantelle"]
[Result "1-0"]
[WhiteElo "1833"]
[BlackElo "1901"]
[PlyCount "81"]
[EventDate "2013.12.18"]
[EventType "swiss"]
[EventRounds "11"]
[EventCountry "UAE"]
[SourceTitle "CBM 158 Extra"]
[Source "ChessBase"]
[SourceDate "2014.02.28"]
[SourceVersion "1"]
[SourceVersionDate "2014.02.28"]
[SourceQuality "1"]

1. e4 c5 2. Nf3 e6 3. d4 cxd4 4. Nxd4 Nc6 5. c4 Nf6 6. Nc3 Bb4 7. f3 0-0 8. Nxc6 bxc6 9. e5 Ne8 10. Bd3 d5 11. exd6 Nxd6 12. 0-0 Ba6 13. Qe2 Re8 14. Be3 Nf5 15. Bf2 Qc7 16. Rfe1 Re7 17. f4 Qxf4 18. c5 Bxc3 19. bxc3 Bxd3 20. Qxd3 Ree8 21. Qd7 Qa4 22. Reb1 Red8 23. Qb7 Qe4 24. Rb4 Qd5 25. Rab1 h5 26. Qa6 Nh6 27. Rd4 Qf5 28. Rf1 Ng4 29. Qxc6 Qe5 30. Bg3 Qe3+ 31. Kh1 Qe2 32. Qf3 Qxf3 33. gxf3 Ne3 34. Rb1 Rdc8 35. Bf2 Nf5 36. Rd7 Rd8 37. c6 Rxd7 38. cxd7 Kf8 39. Bc5+ Kg8 40. Bxa7 Kh7 41. Rb8 1-0

[Event "Crawley e2e4 Gatwick op 11"]
[Site "Crawley"]
[Date "2013.11.02"]
[Round "2"]
[White "Salem, Ihab"]
[Black "Foster, Chantelle"]
[Result "1-0"]
[WhiteElo "2101"]
[BlackElo "1879"]
[PlyCount "35"]
[EventDate "2013.11.01"]
[EventType "swiss"]
[EventRounds "5"]
[EventCountry "ENG"]
[SourceTitle "EXT 2014"]
[Source "ChessBase"]
[SourceDate "2013.11.20"]
[SourceVersion "1"]
[SourceVersionDate "2013.11.20"]
[SourceQuality "1"]

1. e4 c5 2. Nf3 e6 3. d3 Nc6 4. g3 Qc7 5. Bg2 Nf6 6. 0-0 Be7 7. Qe2 d6 8. b3 0-0 9. Bb2 a6 10. Nbd2 b5 11. e5 dxe5 12. Nxe5 Bb7 13. Ndf3 Rfd8 14. Nxf7 Re8 15. Qxe6 Bd6 16. Qxd6 Qxf7 17. Ng5 Qd7 18. Bd5+ 1-0

[Event "High Wycombe op"]
[Site "High Wycombe"]
[Date "2013.10.12"]
[Round "2"]
[White "Burrows, Martin P"]
[Black "Foster, Chantelle"]
[Result "1-0"]
[WhiteElo "2142"]
[BlackElo "1872"]
[PlyCount "61"]
[EventDate "2013.10.11"]
[EventType "swiss"]
[EventRounds "9"]
[EventCountry "ENG"]
[SourceTitle "CBM 157 Extra"]
[Source "ChessBase"]
[SourceDate "2013.12.19"]
[SourceVersion "1"]
[SourceVersionDate "2013.12.19"]
[SourceQuality "1"]

1. e4 c5 2. Nf3 e6 3. d4 cxd4 4. Nxd4 Nc6 5. Nb5 d6 6. c4 Nf6 7. N1c3 a6 8. Na3 b6 9. Be2 Bb7 10. Be3 Ne5 11. f4 Ned7 12. Bf3 Qc7 13. 0-0 Be7 14. Qe2 Rc8 15. Rae1 0-0 16. Bd2 Qb8 17. Nc2 Bd8 18. g4 h6 19. h4 Qc7 20. b3 Ne8 21. g5 hxg5 22. hxg5 Nb8 23. Qh2 f5 24. exf5 exf5 25. Qh5 Bxf3 26. Rxf3 g6 27. Qxg6+ Ng7 28. Rh3 Qb7 29. Qh7+ Kf7 30. g6+ Kf6 31. Nd5+ 1-0

[Event "BCF-ch Major op"]
[Site "Torquay"]
[Date "2013.08.07"]
[Round "9.107"]
[White "Bullock, Lee"]
[Black "Foster, Chantelle"]
[Result "0-1"]
[WhiteElo "1449"]
[BlackElo "1866"]
[PlyCount "57"]
[EventDate "2013.07.29"]
[EventType "swiss"]
[EventRounds "11"]
[EventCountry "ENG"]
[SourceTitle "EXT 2023"]
[Source "ChessBase"]
[SourceDate "2022.10.05"]
[SourceVersion "1"]
[SourceVersionDate "2022.10.05"]
[SourceQuality "1"]

1. Nf3 d5 2. c4 c6 3. d4 Nf6 4. Nc3 dxc4 5. a4 Bf5 6. Ne5 Nbd7 7. Nxc4 Nb6 8. Ne5 a5 9. Bf4 e6 10. e3 Bb4 11. f3 Nbd5 12. Rc1 Nxc3 13. bxc3 Ba3 14. Ra1 Bb2 15. Ra2 Bxc3+ 16. Kf2 Nd5 17. Bg3 Nb4 18. Bc4 Nxa2 19. Bxa2 0-0 20. Nc4 Bb4 21. e4 Bg6 22. Qd3 b5 23. axb5 cxb5 24. Ne5 Rc8 25. Bf4 Rc3 26. Qd1 Qc8 27. Kg3 Bxe4 28. Kg4 Bf5+ 29. Kg5 0-1

[Event "EU-chT U18 Girls"]
[Site "Maribor"]
[Date "2013.07.12"]
[Round "7"]
[White "Foster, Chantelle"]
[Black "Vidic, Teja"]
[Result "1-0"]
[WhiteElo "1866"]
[BlackElo "1892"]
[PlyCount "47"]
[EventDate "2013.07.06"]
[EventType "team-tourn"]
[EventRounds "7"]
[EventCountry "SLO"]
[SourceTitle "CBM 155 Extra"]
[Source "ChessBase"]
[SourceDate "2013.08.26"]
[SourceVersion "1"]
[SourceVersionDate "2013.08.26"]
[SourceQuality "1"]
[WhiteTeam "England U18 Girls"]
[BlackTeam "Slovenia U18 Girls II"]
[WhiteTeamCountry "ENG"]
[BlackTeamCountry "SLO"]

1. e4 e5 2. Nf3 Nc6 3. Bb5 a6 4. Ba4 Nf6 5. 0-0 b5 6. Bb3 Bb7 7. Re1 Bc5 8. c3 d6 9. d4 Bb6 10. Bg5 h6 11. Bh4 g5 12. Bg3 Qe7 13. a4 Rg8 14. axb5 axb5 15. Rxa8+ Bxa8 16. Na3 h5 17. h4 gxh4 18. Bxh4 Na7 19. Qd3 Bc6 20. dxe5 Qd7 21. Bxf6 Qh3 22. Bxf7+ Kxf7 23. Ng5+ Rxg5 24. Qxh3 1-0

[Event "High Wycombe e2e4 op 03"]
[Site "High Wycombe"]
[Date "2013.03.10"]
[Round "5"]
[White "Foster, Chantelle"]
[Black "Wadsworth, Matthew J"]
[Result "0-1"]
[WhiteElo "1857"]
[BlackElo "2103"]
[PlyCount "100"]
[EventDate "2013.03.08"]
[EventType "swiss"]
[EventRounds "5"]
[EventCountry "ENG"]
[SourceTitle "EXT 2014"]
[Source "ChessBase"]
[SourceDate "2013.11.20"]
[SourceVersion "1"]
[SourceVersionDate "2013.11.20"]
[SourceQuality "1"]

1. e4 e6 2. d4 d5 3. Nd2 Nf6 4. e5 Nfd7 5. Bd3 c5 6. c3 Nc6 7. Ne2 cxd4 8. cxd4 f6 9. exf6 Nxf6 10. 0-0 Bd6 11. Nf3 Qc7 12. Bg5 0-0 13. Bh4 Nh5 14. Qc2 h6 15. Bh7+ Kh8 16. Bg6 Nf4 17. Nxf4 Bxf4 18. Bg3 Qd6 19. Rad1 Bd7 20. Rfe1 Rac8 21. Qe2 Bxg3 22. hxg3 e5 23. Bb1 e4 24. Nh2 Qf6 25. Qe3 Rce8 26. a3 Ne7 27. g4 Nc6 28. Ba2 Be6 29. Re2 Qg6 30. Ree1 Re7 31. Rf1 Rd8 32. Qg3 Rf7 33. Rfe1 Rdf8 34. f3 exf3 35. gxf3 Rf4 36. Bb1 Qf6 37. Kg2 Nxd4 38. Re3 Nc6 39. Rde1 Bf7 40. R3e2 Nd4 41. Rd2 Bg6 42. Bxg6 Qxg6 43. Re3 Qf6 44. Red3 Ne6 45. Rxd5 Rc4 46. Rd6 Nf4+ 47. Kf2 Qg5 48. Rd7 Qc5+ 49. Kf1 Rc1+ 50. Rd1 Qc4+ 0-1

[Event "Wch U18 Girls"]
[Site "Al Ain"]
[Date "2013.??.??"]
[Round "2"]
[White "Foster, Chantelle"]
[Black "Botez, Alexandra"]
[Result "0-1"]
[WhiteElo "1901"]
[BlackElo "2086"]
[PlyCount "88"]
[EventDate "2013.12.18"]
[EventType "swiss"]
[EventRounds "11"]
[EventCountry "UAE"]
[SourceTitle "CBM 158 Extra"]
[Source "ChessBase"]
[SourceDate "2014.02.28"]
[SourceVersion "1"]
[SourceVersionDate "2014.02.28"]
[SourceQuality "1"]

1. e4 e6 2. d4 d5 3. Nd2 Nf6 4. e5 Nfd7 5. Bd3 c5 6. c3 Nc6 7. Ne2 cxd4 8. cxd4 f6 9. exf6 Nxf6 10. 0-0 Bd6 11. Nf3 0-0 12. Bg5 Qc7 13. Rc1 Bd7 14. Nc3 a6 15. Bh4 Bf4 16. Rc2 Be8 17. Bg3 Bh5 18. Be2 Bxg3 19. hxg3 Qb6 20. Rd2 Rae8 21. Na4 Qa7 22. Nc5 Bxf3 23. Bxf3 Nxd4 24. Rxd4 Qxc5 25. Qd2 Re7 26. Rc1 Qd6 27. g4 Ne8 28. g5 g6 29. Re1 Nc7 30. Be4 Ref7 31. Bf3 Rf5 32. Re2 Re5 33. Bg4 Rxe2 34. Qxe2 e5 35. Rd3 Nb5 36. Qd2 Nd4 37. Rc3 Qe7 38. Rg3 Rf4 39. Bh3 Re4 40. Bg4 Rf4 41. Qd1 Kg7 42. Bh3 Re4 43. Kf1 Qb4 44. b3 Nc2 0-1

[Event "Wch U18 Girls"]
[Site "Al Ain"]
[Date "2013.??.??"]
[Round "3"]
[White "Jaramillo Arce, Katherine Jomira"]
[Black "Foster, Chantelle"]
[Result "1-0"]
[WhiteElo "1850"]
[BlackElo "1901"]
[PlyCount "135"]
[EventDate "2013.12.18"]
[EventType "swiss"]
[EventRounds "11"]
[EventCountry "UAE"]
[SourceTitle "CBM 158 Extra"]
[Source "ChessBase"]
[SourceDate "2014.02.28"]
[SourceVersion "1"]
[SourceVersionDate "2014.02.28"]
[SourceQuality "1"]

1. d4 d5 2. Nf3 Nf6 3. c4 c6 4. Nc3 dxc4 5. a4 Bf5 6. Ne5 Nbd7 7. Nxc4 Nb6 8. Ne3 Bg6 9. a5 Nbd5 10. g3 e6 11. Bg2 Bb4 12. Nexd5 exd5 13. Qa4 Qe7 14. 0-0 0-0 15. Bg5 Bxc3 16. bxc3 Qxe2 17. Bxf6 gxf6 18. Qb4 Qd3 19. Qxb7 Qxc3 20. Rfc1 Qxd4 21. Qxc6 Be4 22. Ra4 Qb2 23. Bxe4 dxe4 24. Rxe4 Rad8 25. Rce1 Rc8 26. Rg4+ Kh8 27. Qe4 Rg8 28. Rh4 Rg7 29. Qe7 Qc3 30. Re3 Qc7 31. Qxf6 Qc1+ 32. Kg2 Qc6+ 33. Rf3 Qxf6 34. Rxf6 Rc7 35. a6 Kg8 36. Rb4 Rc8 37. Rc6 Rd8 38. Rb7 f5 39. Rxg7+ Kxg7 40. Rc7+ Kg6 41. Rxa7 Rd4 42. Rb7 Ra4 43. a7 Ra3 44. h3 h6 45. g4 fxg4 46. hxg4 h5 47. gxh5+ Kxh5 48. f3 Kh4 49. Rg7 Ra2+ 50. Kf1 Kh5 51. Ke1 Kh6 52. Rc7 Kg5 53. Kd1 Kf4 54. Rf7+ Ke5 55. Kc1 Ke6 56. Kb1 Ra5 57. Rh7 Kd6 58. Kc2 Ra1 59. Kd3 Ra4 60. Kc3 Kc5 61. f4 Kd6 62. Kb3 Ra1 63. Kb4 Ke6 64. Kb5 Kf5 65. Kb6 Rb1+ 66. Kc7 Ra1 67. Kb8 Kg6 68. Rb7 1-0

[Event "BCF-chT3S 1213 (4NCL)"]
[Site "England"]
[Date "2012.11.04"]
[Round "2.135"]
[White "Smith, Patrick L"]
[Black "Foster, Chantelle"]
[Result "1-0"]
[WhiteElo "1795"]
[BlackElo "1853"]
[PlyCount "141"]
[EventDate "2012.11.03"]
[EventType "team-swiss"]
[EventRounds "6"]
[EventCountry "ENG"]
[SourceTitle "EXT 2014"]
[Source "ChessBase"]
[SourceDate "2013.11.20"]
[SourceVersion "1"]
[SourceVersionDate "2013.11.20"]
[SourceQuality "1"]
[WhiteTeam "KJCA Knights"]
[BlackTeam "Oxford III"]
[WhiteTeamCountry "ENG"]
[BlackTeamCountry "ENG"]

1. e4 c5 2. Nf3 e6 3. d3 Nc6 4. g3 g6 5. Bg2 Bg7 6. 0-0 Nge7 7. c3 b6 8. Qe2 Ba6 9. h4 h5 10. Rd1 Rc8 11. Bg5 d5 12. e5 Qc7 13. Bf4 Nf5 14. Nbd2 0-0 15. Nf1 d4 16. c4 Nh6 17. Re1 Bb7 18. a3 Nb8 19. N1d2 Nd7 20. Ne4 Bxe4 21. Qxe4 a6 22. Bh3 b5 23. Bxh6 Bxh6 24. Bxe6 Kg7 25. Bxd7 Qxd7 26. Kg2 bxc4 27. dxc4 Qe6 28. Qd3 Rb8 29. b4 cxb4 30. Nxd4 Qe7 31. Nc6 Qb7 32. Qd5 Rbc8 33. Nxb4 Qc7 34. Nxa6 Qxc4 35. Qxc4 Rxc4 36. f4 Rd8 37. Nb4 Kh7 38. Red1 Rcd4 39. Rxd4 Rxd4 40. Rc1 Bf8 41. Rc7 Kg8 42. Nc2 Rd2+ 43. Kh3 Rd8 44. a4 Ra8 45. Rc4 Be7 46. Ne3 Ra5 47. g4 hxg4+ 48. Nxg4 Rd5 49. Nf2 Rd2 50. Ne4 Rd1 51. Ng3 Rd2 52. h5 gxh5 53. Nxh5 Rd7 54. Kg4 Kh7 55. Kf5 Ra7 56. Ng3 Kg7 57. Nh5+ Kh7 58. Nf6+ Kg7 59. Nd5 Bd8 60. Nc3 Be7 61. Nb5 Ra8 62. Rc7 Kf8 63. Ra7 Rd8 64. a5 Bc5 65. Rc7 Be3 66. Nd6 Bd2 67. a6 Ba5 68. Rxf7+ Kg8 69. Rb7 Ra8 70. a7 Bd8 71. Kg6 1-0